Solid-liquid separation: equipment selection and process design

Zapisane w:
Opis bibliograficzny
Główni autorzy: Tarleton, E. S (Autor), Wakeman, R. J (Autor)
Format: Książka
Język:angielski
Wydane: Burlington Elsevier 2007
Wydanie:1a. ed
Hasła przedmiotowe:
Etykiety: Dodaj etykietę
Nie ma etykietki, Dołącz pierwszą etykiete!

MARC

LEADER 00000nam a2200000 a 4500
001 UCJ9142
003 CL-VaPUC
008 070309e20070000US |||||||||||||||||eng|d
020 |a 1856174212 
082 0 4 |a 660.2842  |b TAR  |2 21 
100 0 |a Tarleton, E. S  |e author  |9 519026 
700 0 |a Wakeman, R. J  |e author  |9 519027 
245 1 0 |a Solid-liquid separation: equipment selection and process design 
250 |a 1a. ed 
300 |a 448 p 
942 |c BK 
945 |d 20070309 00:00:00  |a cmena 
260 |a Burlington  |b Elsevier  |c 2007 
650 7 |a SEPARACION QUIMICA  |2 CL-VaPUC  |9 342424 
650 7 |a EQUIPOS Y ACCESORIOS  |2 CL-VaPUC  |9 10 
650 0 |a Filtración  |9 323900 
650 0 |a Simulación por computador  |9 260988 
583 |a last modification  |c 20070309 00:00:00  |k Rodrigo Vera 
999 |c 324733  |d 324731 
952 |0 0  |1 0  |4 0  |6 660_284200000000000_TAR_2007  |7 0  |8 A  |9 405073  |a BIBING  |b BIBING  |d 2019-11-22  |i 4315154  |o 660.2842 TAR 2007  |p 4315154  |r 2025-01-20  |w 2019-11-22  |y BK  |k EIQ